000 01181nam a22002417a 4500
999 _c15320
_d15320
003 AR-CdUCM
008 190322b ||||| |||| 00| 0 spa d
040 _aMUNICIPALIDAD PROVINCIAL DEL CUSCO
_cBIBLIOTECA MUNICIPAL DEL CUSCO
082 _a985.008 /
_bC73
100 _aPublicaciones de la Comisión nacional del Sesquicentenario de la Independencia del Perú
_934369
245 _aDiscurso pronunciados en actuaciones cívicas conmemorativas :
_b1. Etapa SanMartiniana /
260 _aLima :
_bComisión nacional del Sesquicentenario de la Independencia del Perú,
_c1972.
300 _a624 páginas ;
_c24 cm.
440 _aColección documental de la Independencia del Perú.
_923187
505 _aCeremonia de instalación de la comisión nacional del sesquicentenario de la independencia del Perú realizada en el salón de sesiones de la municipalidad de Lima -- Ceremonias en Ica, Nazca, Changuillo ...
650 _aCortes
_923188
650 _aIntervenciones
_923189
650 _aindependencia
_9625
650 _aColección
_92826
700 _aDurand Flórez, Guillermo (investigación, recopilación y prólogo)
_923190
942 _2ddc
_cLIBROS
945 _awfj